| 000 | 00705nam a2200229Ia 4500 | ||
|---|---|---|---|
| 001 | 8517 | ||
| 003 | GE_BSU | ||
| 008 | 181216s||||||||xx |||||||||||||| ||und|| | ||
| 040 | _cGE_BSU | ||
| 080 | _a821.353.1-11 | ||
| 100 | _aვაკელი,იონა. | ||
| 245 | _aორი პოემა. | ||
| 245 | _bპოემა საბჭოთა დღეებზე;ევროპა. | ||
| 260 | _aტფილისი. | ||
| 260 | _bსახელგამის გა-მა | ||
| 260 | _c1934. | ||
| 300 | _a101გვ;18სმ. | ||
| 653 | _aევროპა. | ||
| 653 | _aპოემა | ||
| 653 | _aპოემა საბჭოთა დღეებზე | ||
| 942 | _cBK | ||
| 999 |
_c41834 _d41834 |
||